| 000 | 00643nam a2200205 u 4500 | ||
|---|---|---|---|
| 005 | 20220608063502.0 | ||
| 008 | 100426s2009 r 000 0 eng d | ||
| 020 | _a9788466784382 | ||
| 035 | _aUPN01000175518 | ||
| 049 | _aCG | ||
| 050 | 4 |
_aPN6071 D4.5 _bF4.7 |
|
| 100 | 1 |
_aFernández Paz, Agustín, _d1947- _932562 |
|
| 245 | 1 | 0 |
_aTres pasos por el misterio / _cAgustín Fernández Paz ; tr. de Rafael Chacón. |
| 260 |
_aMadrid : _bAnaya, _c2009. |
||
| 300 | _a158 p. | ||
| 440 | 0 |
_aEspacio abierto ; _v139 |
|
| 534 |
_pTitulo original: _tTres pasos polo misterio |
||
| 650 | 0 |
_aCuentos policíacos y de misterio _92405 |
|
| 905 | _aLibro | ||
| 999 |
_c147622 _d147622 |
||